Megalakult a kézműiparosok beszerzési részvénytársasága [rövid hír]
Elmentve itt :
| Dokumentumtípus: | Cikk |
|---|---|
| Megjelent: |
1918-08-09
|
| Sorozat: | Délmagyarország
7 No. 181 |
| Kulcsszavak: | Szterényi József, Horváth János, Dóczi Sámuel, Pálfy Dániel, Vikár Béla, Kézműipar Szeged 1918 |
| Online Access: | http://dmarchiv.bibl.u-szeged.hu/44145 |
| LEADER | 00541nab a2200145 i 4500 | ||
|---|---|---|---|
| 001 | delm44145 | ||
| 005 | 20180927131940.0 | ||
| 008 | 180927s1918 hu o 0|| hun d | ||
| 040 | |a SZTE Délmagyarország Archívum |b hun | ||
| 041 | |a hun | ||
| 245 | 0 | 0 | |a Megalakult a kézműiparosok beszerzési részvénytársasága |h [elektronikus dokumentum] : |b [rövid hír] |
| 260 | |c 1918-08-09 | ||
| 300 | |a 6 | ||
| 490 | 0 | |a Délmagyarország |v 7 No. 181 | |
| 695 | |a Szterényi József, Horváth János, Dóczi Sámuel, Pálfy Dániel, Vikár Béla, Kézműipar Szeged 1918 | ||